000 00542nam a2200205Ia 4500
005 20250326141257.0
008 250326s9999 xx 000 0 und d
020 _a0-07-462048-7
037 _aTextbook
040 _aFMSL
_beng
_cFMSL
041 _aeng
_2eng
084 _aX65 N1
_qFMSL
100 _aChandra P
_9659734
245 0 _aInvestment game: How to win
_cChandra P
250 _a4
260 _aNew Delhi
_bNew Delhi, Tata McGraw Hill
_c1991
300 _a338p
942 _cTB
_hX65 N1
999 _c1289556
_d1289556